| 000 | 01356nam0a22002891 4500 | ||
|---|---|---|---|
| 001 | rc\853704 | ||
| 005 | 20250622020514.0 | ||
| 035 | _a(NLR Aleph) 006034072 | ||
| 090 |
_a7558760 _c7558760 |
||
| 100 | _a20041129d1984 |||y0rusy50 ca | ||
| 101 | 0 | _arus | |
| 102 | _aRU | ||
| 105 | _ay ||||||||| | ||
| 200 | 1 |
_aМетодические основы разработки и реализации программ рационализации в общественном питании _fВ.И. Пивоваров, к. э. н., Р.В. Савкина, к. э. н. |
|
| 210 |
_aМ. _cЦНИИНТЭИ торговли _d1984 |
||
| 215 |
_a54 с. _d21 |
||
| 225 | 1 |
_aГосударственная торговля _iСерия "Общественное питание" _eОбзор. информ. _fЦНИИ науч., техн. и экон. информ. в торговле и обществ. питании _vВып. 6 |
|
| 300 | _aНа обл. авт. не указаны | ||
| 300 | _aВ надзаг. также: М-во торговли СССР | ||
| 320 | _aБиблиогр.: с. 50 | ||
| 700 | 1 |
_aПивоваров _bВ.И. _gВладимир Иванович |
|
| 701 | 1 |
_aСавкина _bР.В. _gРаиса Васильевна |
|
| 801 | 0 |
_aRU _bNLR _gpsbo |
|
| 801 | 1 |
_aRU _bELAR _2rusmarc |
|
| 852 |
_aNLR _jП10/3653 |
||
| 942 | _cBOOK | ||
| 980 | _aNB | ||